[Event "SLO-CRO m"]
[Site "Celje"]
[Date "2004.05.15"]
[Round "1"]
[White "Kozul, Zdenko"]
[Black "Parma, Bruno"]
[Result "1/2-1/2"]
[WhiteElo "2627"]
[BlackElo "2480"]
[PlyCount "25"]
[EventDate "2004.05.??"]
[EventType "match"]
[EventRounds "1"]
[EventCountry "SLO"]
[SourceTitle "EXT 2005"]
[Source "ChessBase"]
[SourceDate "2004.11.15"]
[SourceVersion "1"]
[SourceVersionDate "2004.11.15"]
[SourceQuality "1"]

1. d4 Nf6 2. c4 e6 3. Nf3 b6 4. a3 d5 5. cxd5 exd5 6. Nc3 Be7 7. Bg5 0-0 8. e3 c5 9. Be2 Be6 10. 0-0 Ne4 11. Bxe7 Qxe7 12. Re1 Nd7 13. dxc5 1/2-1/2

[Event "Portoroz/Ljubljana"]
[Site "Ljubljana"]
[Date "1985.??.??"]
[Round "9"]
[White "Karlsson, Lars"]
[Black "Parma, Bruno"]
[Result "1/2-1/2"]
[WhiteElo "2550"]
[BlackElo "2490"]
[PlyCount "60"]
[EventDate "1985.06.??"]
[EventType "tourn"]
[EventRounds "11"]
[EventCountry "YUG"]
[EventCategory "12"]
[SourceTitle "MCL"]
[Source "ChessBase"]
[SourceDate "1999.07.01"]
[SourceVersion "1"]
[SourceVersionDate "1999.07.01"]
[SourceQuality "1"]

1. Nf3 c5 2. g3 g6 3. Bg2 Bg7 4. 0-0 Nc6 5. c4 e6 6. Nc3 Nge7 7. d3 0-0 8. Ne4 d6 9. Bf4 e5 10. Bg5 f6 11. Bd2 h6 12. Ne1 Be6 13. Nc2 f5 14. Nc3 d5 15. cxd5 Nxd5 16. Rb1 Kh7 17. a3 Rc8 18. b4 cxb4 19. Nxd5 Bxd5 20. Bxd5 Qxd5 21. Nxb4 Nxb4 22. Rxb4 b6 23. Qb1 Rc6 24. a4 Rfc8 25. Rb5 Qd7 26. Rc1 Rxc1+ 27. Bxc1 e4 28. Be3 exd3 29. Qxd3 Qxd3 30. exd3 Rd8 1/2-1/2

[Event "St Maxime-02"]
[Site "St Maxime"]
[Date "1982.05.??"]
[Round "11"]
[White "Preissmann, Emmanuel"]
[Black "Parma, Bruno"]
[Result "1/2-1/2"]
[WhiteElo "2320"]
[BlackElo "2500"]
[PlyCount "28"]
[EventDate "1982.05.??"]
[EventType "tourn"]
[EventRounds "13"]
[EventCountry "FRA"]
[EventCategory "7"]
[SourceTitle "EXT 2018"]
[Source "ChessBase"]
[SourceDate "2017.10.13"]
[SourceVersion "1"]
[SourceVersionDate "2017.10.13"]
[SourceQuality "1"]

1. e4 d6 2. d4 Nf6 3. Nc3 g6 4. g3 Bg7 5. Bg2 0-0 6. Nge2 e5 7. 0-0 Nc6 8. dxe5 dxe5 9. Bg5 Be6 10. Qxd8 Rfxd8 11. Rfd1 h6 12. Bxf6 Bxf6 13. Nd5 Bxd5 14. exd5 Nd4 1/2-1/2

[Event "YUG-ch37"]
[Site "Vrbas"]
[Date "1982.??.??"]
[Round "?"]
[White "Parma, Bruno"]
[Black "Cebalo, Miso"]
[Result "1/2-1/2"]
[WhiteElo "2500"]
[BlackElo "2495"]
[PlyCount "32"]
[EventDate "1982.02.25"]
[EventType "tourn"]
[EventRounds "17"]
[EventCountry "YUG"]
[EventCategory "9"]
[SourceTitle "MCD"]
[Source "ChessBase"]
[SourceDate "1999.07.01"]
[SourceVersion "1"]
[SourceVersionDate "1999.07.01"]
[SourceQuality "1"]

1. e4 c5 2. Nf3 e6 3. d4 cxd4 4. Nxd4 Nf6 5. Nc3 d6 6. Be2 Be7 7. 0-0 0-0 8. f4 Nc6 9. Be3 e5 10. fxe5 Nxe5 11. Nf5 Bxf5 12. Rxf5 Rc8 13. Kh1 a6 14. a4 g6 15. Rf1 Qd7 16. Bd4 Qe6 1/2-1/2

[Event "YUG-ch37"]
[Site "Vrbas"]
[Date "1982.??.??"]
[Round "?"]
[White "Parma, Bruno"]
[Black "Nikolic, Predrag"]
[Result "1/2-1/2"]
[WhiteElo "2500"]
[BlackElo "2485"]
[PlyCount "70"]
[EventDate "1982.02.25"]
[EventType "tourn"]
[EventRounds "17"]
[EventCountry "YUG"]
[EventCategory "9"]
[SourceTitle "MCD"]
[Source "ChessBase"]
[SourceDate "1999.07.01"]
[SourceVersion "1"]
[SourceVersionDate "1999.07.01"]
[SourceQuality "1"]

1. e4 e5 2. Nf3 Nc6 3. Bb5 a6 4. Ba4 Nf6 5. 0-0 Be7 6. Re1 b5 7. Bb3 d6 8. c3 0-0 9. h3 Bb7 10. d4 Re8 11. a4 h6 12. Nbd2 Bf8 13. d5 Ne7 14. c4 Qd7 15. axb5 axb5 16. Rxa8 Rxa8 17. cxb5 Qxb5 18. Nb1 Ra1 19. Nc3 Qb4 20. Qc2 c6 21. Na2 Qa5 22. Bd2 Rxe1+ 23. Nxe1 Qa8 24. dxc6 Nxc6 25. Qc4 Nd8 26. f3 Qa7+ 27. Kh2 d5 28. exd5 Bxd5 29. Qc3 e4 30. Bxd5 Bd6+ 31. Kh1 Qf2 32. Qe3 Qg3 33. f4 Qxe3 34. Bxf7+ Kxf7 35. Bxe3 Nd5 1/2-1/2

[Event "YUG-ch37"]
[Site "Vrbas"]
[Date "1982.??.??"]
[Round "?"]
[White "Rukavina, Josip"]
[Black "Parma, Bruno"]
[Result "1/2-1/2"]
[WhiteElo "2450"]
[BlackElo "2500"]
[PlyCount "24"]
[EventDate "1982.02.25"]
[EventType "tourn"]
[EventRounds "17"]
[EventCountry "YUG"]
[EventCategory "9"]
[SourceTitle "MCD"]
[Source "ChessBase"]
[SourceDate "1999.07.01"]
[SourceVersion "1"]
[SourceVersionDate "1999.07.01"]
[SourceQuality "1"]

1. d4 Nf6 2. c4 e6 3. g3 d5 4. Nf3 Be7 5. Bg2 0-0 6. 0-0 dxc4 7. Qc2 a6 8. a4 Bd7 9. Nc3 Nc6 10. e4 Nb4 11. Qe2 c5 12. dxc5 Nd3 1/2-1/2

[Event "Rome"]
[Site "Rome"]
[Date "1981.??.??"]
[Round "?"]
[White "Csom, Istvan"]
[Black "Parma, Bruno"]
[Result "1/2-1/2"]
[WhiteElo "2500"]
[BlackElo "2500"]
[PlyCount "47"]
[EventDate "1981.02.??"]
[EventType "tourn"]
[EventRounds "9"]
[EventCountry "ITA"]
[EventCategory "10"]
[SourceTitle "MCL"]
[Source "ChessBase"]
[SourceDate "1999.07.01"]
[SourceVersion "1"]
[SourceVersionDate "1999.07.01"]
[SourceQuality "1"]

1. d4 Nf6 2. c4 e6 3. g3 d5 4. Nf3 Be7 5. Bg2 0-0 6. 0-0 dxc4 7. Qa4 a6 8. Qxc4 b5 9. Qc2 Bb7 10. Bf4 Nc6 11. Rd1 Nb4 12. Qc1 Nbd5 13. Nbd2 c5 14. dxc5 Nxf4 15. gxf4 Qc7 16. c6 Qxc6 17. Qxc6 Bxc6 18. Ne5 Bxg2 19. Kxg2 Rfc8 20. Rac1 Kf8 21. Kf3 Ke8 22. Nb3 Nd5 23. Rxc8+ Rxc8 24. Rc1 1/2-1/2

[Event "Rome"]
[Site "Rome"]
[Date "1981.??.??"]
[Round "?"]
[White "Matanovic, Aleksandar"]
[Black "Parma, Bruno"]
[Result "1/2-1/2"]
[WhiteElo "2500"]
[BlackElo "2500"]
[PlyCount "31"]
[EventDate "1981.02.??"]
[EventType "tourn"]
[EventRounds "9"]
[EventCountry "ITA"]
[EventCategory "10"]
[SourceTitle "MCL"]
[Source "ChessBase"]
[SourceDate "1999.07.01"]
[SourceVersion "1"]
[SourceVersionDate "1999.07.01"]
[SourceQuality "1"]

1. e4 d6 2. d4 Nf6 3. Nc3 g6 4. Nf3 Bg7 5. Be2 0-0 6. 0-0 Bg4 7. Be3 Nc6 8. Qd2 e5 9. dxe5 dxe5 10. Rad1 Qc8 11. Qc1 Rd8 12. Rxd8+ Qxd8 13. Rd1 Qf8 14. a3 Rd8 15. Rxd8 Qxd8 16. Qd1 1/2-1/2

[Event "Rome"]
[Site "Rome"]
[Date "1981.??.??"]
[Round "?"]
[White "Parma, Bruno"]
[Black "Tatai, Stefano"]
[Result "1/2-1/2"]
[WhiteElo "2500"]
[BlackElo "2495"]
[PlyCount "64"]
[EventDate "1981.02.??"]
[EventType "tourn"]
[EventRounds "9"]
[EventCountry "ITA"]
[EventCategory "10"]
[SourceTitle "MCL"]
[Source "ChessBase"]
[SourceDate "1999.07.01"]
[SourceVersion "1"]
[SourceVersionDate "1999.07.01"]
[SourceQuality "1"]

1. e4 e5 2. Nf3 Nc6 3. Bb5 f5 4. Nc3 fxe4 5. Nxe4 d5 6. Nxe5 dxe4 7. Nxc6 Qd5 8. c4 Qd6 9. Nxa7+ Bd7 10. Bxd7+ Qxd7 11. Nb5 Nf6 12. 0-0 Bc5 13. d4 exd3 14. Re1+ Kf7 15. Be3 Bxe3 16. Rxe3 Rad8 17. Qd2 Rhe8 18. Rd1 Rxe3 19. Qxe3 Qg4 20. Qf3 Qxf3 21. gxf3 c6 22. Nc3 Nh5 23. Kf1 Kf6 24. Ke1 Nf4 25. Kd2 g5 26. Re1 Ng6 27. Ne4+ Kf5 28. Ng3+ Kf6 29. Re3 Ne5 30. b3 h6 31. Nh5+ Kf5 32. Ng7+ Kf6 1/2-1/2

[Event "Rome"]
[Site "Rome"]
[Date "1981.??.??"]
[Round "?"]
[White "Parma, Bruno"]
[Black "Zichichi, Alvise"]
[Result "1/2-1/2"]
[WhiteElo "2500"]
[BlackElo "2400"]
[PlyCount "80"]
[EventDate "1981.02.??"]
[EventType "tourn"]
[EventRounds "9"]
[EventCountry "ITA"]
[EventCategory "10"]
[SourceTitle "MCL"]
[Source "ChessBase"]
[SourceDate "1999.07.01"]
[SourceVersion "1"]
[SourceVersionDate "1999.07.01"]
[SourceQuality "1"]

1. e4 c5 2. Nf3 e6 3. d4 cxd4 4. Nxd4 Nf6 5. Nc3 d6 6. Be2 Be7 7. 0-0 0-0 8. f4 Nc6 9. Kh1 Bd7 10. Be3 a6 11. a4 Qc7 12. Nb3 b6 13. g4 Rfc8 14. g5 Ne8 15. Bf3 Bf8 16. Bg2 g6 17. Qe1 Nb4 18. Qf2 Rab8 19. Rad1 Rd8 20. Rd2 Nc6 21. Nd4 Nxd4 22. Bxd4 Bc6 23. f5 e5 24. Be3 Ng7 25. Nd5 Bxd5 26. Rxd5 b5 27. axb5 axb5 28. Rd2 d5 29. fxg6 hxg6 30. Rxd5 Rxd5 31. exd5 Nf5 32. Be4 Nxe3 33. Qxe3 Be7 34. h4 Rf8 35. Kg2 Kg7 36. Qf3 Qd6 37. Qg4 Qb4 38. h5 Qd2+ 39. Rf2 Qxg5 40. Qxg5 Bxg5 1/2-1/2

[Event "Olympiad-24"]
[Site "Valetta"]
[Date "1980.12.02"]
[Round "11"]
[White "Sosonko, Gennadi"]
[Black "Parma, Bruno"]
[Result "1/2-1/2"]
[WhiteElo "2545"]
[BlackElo "2520"]
[PlyCount "34"]
[EventDate "1980.11.20"]
[EventType "team-swiss"]
[EventRounds "14"]
[EventCountry "MLT"]
[SourceTitle "EXT 2000"]
[Source "ChessBase"]
[SourceDate "1999.11.16"]
[SourceVersion "1"]
[SourceVersionDate "1999.11.16"]
[SourceQuality "1"]
[WhiteTeam "Netherlands"]
[BlackTeam "Yugoslavia"]
[WhiteTeamCountry "NED"]
[BlackTeamCountry "YUG"]

1. d4 Nf6 2. c4 e6 3. Nf3 b6 4. g3 Ba6 5. Nbd2 Bb7 6. Bg2 c5 7. e4 cxd4 8. e5 Ng8 9. 0-0 d6 10. Nb3 dxe5 11. Nxe5 Bxg2 12. Kxg2 Nd7 13. Nc6 Qc8 14. Nbxd4 Ne7 15. Qf3 Nxc6 16. Nxc6 Qb7 17. b3 Rc8 1/2-1/2

[Event "Olympiad-24"]
[Site "Valetta"]
[Date "1980.11.28"]
[Round "8"]
[White "Sax, Gyula"]
[Black "Parma, Bruno"]
[Result "1/2-1/2"]
[WhiteElo "2570"]
[BlackElo "2520"]
[PlyCount "25"]
[EventDate "1980.11.20"]
[EventType "team-swiss"]
[EventRounds "14"]
[EventCountry "MLT"]
[SourceTitle "EXT 2000"]
[Source "ChessBase"]
[SourceDate "1999.11.16"]
[SourceVersion "1"]
[SourceVersionDate "1999.11.16"]
[SourceQuality "1"]
[WhiteTeam "Hungary"]
[BlackTeam "Yugoslavia"]
[WhiteTeamCountry "HUN"]
[BlackTeamCountry "YUG"]

1. e4 c5 2. Nf3 d6 3. d4 cxd4 4. Nxd4 Nf6 5. Nc3 g6 6. Be2 Bg7 7. Nb3 0-0 8. 0-0 Nc6 9. Bg5 Be6 10. Kh1 h6 11. Bh4 g5 12. Bg3 d5 13. Nc5 1/2-1/2

[Event "Olympiad-24"]
[Site "Valetta"]
[Date "1980.11.22"]
[Round "3"]
[White "Parma, Bruno"]
[Black "Georgiev, Krum"]
[Result "1/2-1/2"]
[WhiteElo "2520"]
[BlackElo "2455"]
[PlyCount "33"]
[EventDate "1980.11.20"]
[EventType "team-swiss"]
[EventRounds "14"]
[EventCountry "MLT"]
[SourceTitle "EXT 2000"]
[Source "ChessBase"]
[SourceDate "1999.11.16"]
[SourceVersion "1"]
[SourceVersionDate "1999.11.16"]
[SourceQuality "1"]
[WhiteTeam "Yugoslavia"]
[BlackTeam "Bulgaria"]
[WhiteTeamCountry "YUG"]
[BlackTeamCountry "BUL"]

1. e4 c5 2. Nf3 d6 3. Nc3 a6 4. d4 cxd4 5. Nxd4 Nf6 6. Be2 e6 7. 0-0 b5 8. Bf3 Ra7 9. Be3 Rc7 10. Ndxb5 axb5 11. Bb6 Nbd7 12. Bxc7 Qxc7 13. Nxb5 Qb8 14. a4 Ne5 15. Be2 Nxe4 16. a5 Ba6 17. Nc7+ 1/2-1/2

[Event "Rome"]
[Site "Rome"]
[Date "1980.??.??"]
[Round "7"]
[White "Parma, Bruno"]
[Black "Rodriguez Vargas, Orestes"]
[Result "1/2-1/2"]
[WhiteElo "2520"]
[BlackElo "2485"]
[PlyCount "35"]
[EventDate "1980.02.??"]
[EventType "tourn"]
[EventRounds "9"]
[EventCountry "ITA"]
[EventCategory "9"]
[SourceTitle "MCD"]
[Source "ChessBase"]
[SourceDate "1999.07.01"]
[SourceVersion "1"]
[SourceVersionDate "1999.07.01"]
[SourceQuality "1"]

1. e4 c5 2. Nf3 d6 3. d4 cxd4 4. Nxd4 Nf6 5. Nc3 a6 6. a4 e6 7. Be2 Be7 8. 0-0 0-0 9. f4 Qc7 10. Kh1 Nc6 11. Be3 Nxd4 12. Qxd4 e5 13. Qd3 Bd7 14. f5 Bc6 15. a5 Rac8 16. Bb6 Qd7 17. Rfd1 g6 18. fxg6 1/2-1/2

[Event "Rome"]
[Site "Rome"]
[Date "1980.??.??"]
[Round "2"]
[White "Robatsch, Karl"]
[Black "Parma, Bruno"]
[Result "1/2-1/2"]
[WhiteElo "2440"]
[BlackElo "2520"]
[PlyCount "32"]
[EventDate "1980.02.??"]
[EventType "tourn"]
[EventRounds "9"]
[EventCountry "ITA"]
[EventCategory "9"]
[SourceTitle "MCD"]
[Source "ChessBase"]
[SourceDate "1999.07.01"]
[SourceVersion "1"]
[SourceVersionDate "1999.07.01"]
[SourceQuality "1"]

1. c4 c5 2. Nf3 Nc6 3. Nc3 Nf6 4. g3 e6 5. Bg2 d5 6. cxd5 Nxd5 7. 0-0 Be7 8. Nxd5 exd5 9. d4 0-0 10. dxc5 Bxc5 11. a3 a5 12. b3 Bf5 13. Bb2 Be4 14. Qd2 d4 15. Qg5 b6 16. Qxd8 Raxd8 1/2-1/2

[Event "Kiel Saemisch Memorial-02"]
[Site "Kiel"]
[Date "1979.09.26"]
[Round "7"]
[White "Schmidt, Wlodzimierz"]
[Black "Parma, Bruno"]
[Result "1/2-1/2"]
[WhiteElo "2505"]
[BlackElo "2530"]
[PlyCount "37"]
[EventDate "1979.09.19"]
[EventType "tourn"]
[EventRounds "11"]
[EventCountry "GER"]
[SourceTitle "EXT 2003"]
[Source "ChessBase"]
[SourceDate "2002.11.25"]
[SourceVersion "1"]
[SourceVersionDate "2002.11.25"]
[SourceQuality "1"]

1. d4 Nf6 2. c4 e6 3. Nf3 Bb4+ 4. Bd2 Qe7 5. Nc3 Bxc3 6. Bxc3 Ne4 7. Rc1 0-0 8. g3 d6 9. Bg2 Nc6 10. 0-0 Nxc3 11. Rxc3 e5 12. d5 Nd8 13. b4 a5 14. a3 b6 15. e4 f5 16. exf5 Bxf5 17. Nd2 Nf7 18. c5 axb4 19. axb4 1/2-1/2

[Event "Kiel Saemisch Memorial-02"]
[Site "Kiel"]
[Date "1979.09.22"]
[Round "4"]
[White "Parma, Bruno"]
[Black "Wockenfuss, Klaus"]
[Result "1/2-1/2"]
[WhiteElo "2530"]
[BlackElo "2385"]
[PlyCount "59"]
[EventDate "1979.09.19"]
[EventType "tourn"]
[EventRounds "11"]
[EventCountry "GER"]
[SourceTitle "EXT 2003"]
[Source "ChessBase"]
[SourceDate "2002.11.25"]
[SourceVersion "1"]
[SourceVersionDate "2002.11.25"]
[SourceQuality "1"]

1. e4 e6 2. d4 d5 3. Nd2 c5 4. Ngf3 Nc6 5. exd5 exd5 6. Bb5 Bd6 7. dxc5 Bxc5 8. Nb3 Bd6 9. 0-0 Nge7 10. Bd2 0-0 11. Bc3 a6 12. Bd3 f6 13. Re1 Qc7 14. g3 Bg4 15. Be2 Qd7 16. Nfd4 Bh3 17. Nxc6 bxc6 18. Bd4 Rfe8 19. c4 Bb4 20. Bc3 Bxc3 21. bxc3 Rad8 22. cxd5 Nxd5 23. Bxa6 Nxc3 24. Bc4+ Nd5 25. Qd2 Kh8 26. Rxe8+ Rxe8 27. Re1 h6 28. Bf1 Bxf1 29. Kxf1 Rxe1+ 30. Qxe1 1/2-1/2

[Event "Vidmar Memorial 05th"]
[Site "Bled/Portoroz"]
[Date "1979.06.21"]
[Round "15"]
[White "Marangunic, Srdjan"]
[Black "Parma, Bruno"]
[Result "1/2-1/2"]
[WhiteElo "2495"]
[BlackElo "2530"]
[PlyCount "26"]
[EventDate "1979.06.02"]
[EventType "tourn"]
[EventRounds "15"]
[EventCountry "SLO"]
[EventCategory "12"]
[SourceTitle "MCL"]
[Source "ChessBase"]
[SourceDate "1999.07.01"]
[SourceVersion "1"]
[SourceVersionDate "1999.07.01"]
[SourceQuality "1"]

1. e4 d6 2. d4 Nf6 3. Nc3 g6 4. Nf3 Bg7 5. Be2 0-0 6. 0-0 Bg4 7. Be3 Nc6 8. Qd2 e5 9. dxe5 dxe5 10. Rad1 Qxd2 11. Rxd2 Rfd8 12. Rfd1 Rxd2 13. Rxd2 Ne8 1/2-1/2

[Event "Vidmar Memorial 05th"]
[Site "Bled/Portoroz"]
[Date "1979.06.11"]
[Round "8"]
[White "Timman, Jan H"]
[Black "Parma, Bruno"]
[Result "1/2-1/2"]
[WhiteElo "2625"]
[BlackElo "2530"]
[PlyCount "48"]
[EventDate "1979.06.02"]
[EventType "tourn"]
[EventRounds "15"]
[EventCountry "SLO"]
[EventCategory "12"]
[SourceTitle "MCL"]
[Source "ChessBase"]
[SourceDate "1999.07.01"]
[SourceVersion "1"]
[SourceVersionDate "1999.07.01"]
[SourceQuality "1"]

1. e4 c5 2. Nf3 Nc6 3. d4 cxd4 4. Nxd4 Nf6 5. Nc3 e6 6. Ndb5 d6 7. Bf4 e5 8. Bg5 a6 9. Na3 b5 10. Bxf6 gxf6 11. Nd5 f5 12. Bd3 Be6 13. Qh5 Bg7 14. 0-0 f4 15. c3 0-0 16. Rfd1 Rb8 17. Nc2 Qd7 18. Qe2 Bxd5 19. exd5 Ne7 20. Nb4 a5 21. Nc6 Nxc6 22. Qh5 h6 23. Bf5 Qc7 24. dxc6 Qxc6 1/2-1/2

[Event "Vidmar Memorial 05th"]
[Site "Bled/Portoroz"]
[Date "1979.06.02"]
[Round "1"]
[White "Parma, Bruno"]
[Black "Gligoric, Svetozar"]
[Result "1/2-1/2"]
[WhiteElo "2530"]
[BlackElo "2560"]
[PlyCount "45"]
[EventDate "1979.06.02"]
[EventType "tourn"]
[EventRounds "15"]
[EventCountry "SLO"]
[EventCategory "12"]
[SourceTitle "MCL"]
[Source "ChessBase"]
[SourceDate "1999.07.01"]
[SourceVersion "1"]
[SourceVersionDate "1999.07.01"]
[SourceQuality "1"]

1. e4 e5 2. Nf3 Nc6 3. Bb5 a6 4. Ba4 Nf6 5. d4 exd4 6. 0-0 Be7 7. Re1 0-0 8. e5 Ne8 9. c3 d5 10. Nxd4 Nxd4 11. cxd4 Bf5 12. Nc3 c6 13. Ne2 Nc7 14. Ng3 Bg6 15. f4 Bh4 16. Rf1 f5 17. Bc2 Qd7 18. Be3 Qf7 19. Bd3 Bxg3 20. hxg3 Bh5 21. Qd2 Ne6 22. b4 Bg4 23. a3 1/2-1/2

[Event "Olympiad-23"]
[Site "Buenos Aires"]
[Date "1978.11.08"]
[Round "13"]
[White "Parma, Bruno"]
[Black "Ligterink, Gert"]
[Result "1/2-1/2"]
[WhiteElo "2540"]
[BlackElo "2440"]
[PlyCount "43"]
[EventDate "1978.10.25"]
[EventType "team-swiss"]
[EventRounds "14"]
[EventCountry "ARG"]
[SourceTitle "EXT 2000"]
[Source "ChessBase"]
[SourceDate "1999.11.16"]
[SourceVersion "1"]
[SourceVersionDate "1999.11.16"]
[SourceQuality "1"]
[WhiteTeam "Yugoslavia"]
[BlackTeam "Netherlands"]
[WhiteTeamCountry "YUG"]
[BlackTeamCountry "NED"]

1. e4 d6 2. d4 Nf6 3. Nc3 g6 4. f4 Bg7 5. Nf3 0-0 6. Bd3 Nc6 7. 0-0 e5 8. dxe5 dxe5 9. f5 gxf5 10. exf5 Nb4 11. Kh1 Nxd3 12. cxd3 Bxf5 13. Nxe5 Nd7 14. Rxf5 Nxe5 15. d4 Ng6 16. Be3 Qd7 17. Qh5 Rae8 18. Bg1 c6 19. Raf1 b6 20. R5f3 f5 21. Rh3 Bh8 22. Qd1 1/2-1/2

[Event "Olympiad-23"]
[Site "Buenos Aires"]
[Date "1978.11.06"]
[Round "11"]
[White "Parma, Bruno"]
[Black "Suba, Mihai"]
[Result "1/2-1/2"]
[WhiteElo "2540"]
[BlackElo "2430"]
[PlyCount "57"]
[EventDate "1978.10.25"]
[EventType "team-swiss"]
[EventRounds "14"]
[EventCountry "ARG"]
[SourceTitle "EXT 2000"]
[Source "ChessBase"]
[SourceDate "1999.11.16"]
[SourceVersion "1"]
[SourceVersionDate "1999.11.16"]
[SourceQuality "1"]
[WhiteTeam "Yugoslavia"]
[BlackTeam "Romania"]
[WhiteTeamCountry "YUG"]
[BlackTeamCountry "ROU"]

1. e4 Nf6 2. e5 Nd5 3. d4 d6 4. Nf3 c6 5. c4 Nc7 6. Be2 Bg4 7. Ng5 Bxe2 8. Qxe2 dxe5 9. dxe5 h6 10. Nf3 Ne6 11. 0-0 Nd7 12. Nc3 g5 13. Re1 Bg7 14. h3 Qc7 15. Bd2 Rd8 16. Rad1 0-0 17. b4 a5 18. a3 axb4 19. axb4 Rfe8 20. Qe4 Ndf8 21. h4 gxh4 22. Qxh4 Ng6 23. Qh5 Rd3 24. Rc1 Rxd2 25. Nxd2 Nxe5 26. Qf5 Rd8 27. Nf3 Nd4 28. Nxd4 Rxd4 29. Re4 1/2-1/2